000 00333nam a22001577a 4500
005 20160628151023.0
008 160628b xxu||||| |||| 00| 0 eng d
020 _a007-065635-5
041 _aeng
082 _b10938
245 _aDecision Making
260 _bHarvard
300 _a161
650 _aManagement
_9241
942 _cBK
999 _c4505
_d4504